[Event "DEM U18 2021"]
[Site "Willingen GER"]
[Date "2021.08.24"]
[Round "3"]
[White "Popist, Florian"]
[Black "Post, Hugo"]
[Result "1-0"]
[Termination "normal"]
[Board "8"]
[WhiteElo "2077"]
[BlackElo "2245"]
[WhiteClock "00:19:15"]
[BlackClock "00:06:18"]
[PlyCount "107"]
[WhiteFideId "16203518"]
[BlackFideId "12962490"]
[EventCountry "GER"]
[EventRounds "9"]
[EventType "swiss"]
[EventDate "2021.08.22"]

1. e4 {[%clk 1:30:57]} c5 {[%clk 1:30:53]} 2. Nc3 {[%clk 1:31:22]} Nc6 {[%clk
1:31:19]} 3. Bb5 {[%clk 1:31:47]} Nd4 {[%clk 1:31:45]} 4. Nf3 {[%clk 1:32:11]}
e6 {[%clk 1:31:39]} 5. O-O {[%clk 1:32:22]} a6 {[%clk 1:32:04]} 6. Bd3 {[%clk
1:32:40]} Nc6 {[%clk 1:32:27]} 7. b3 {[%clk 1:32:26]} Nge7 {[%clk 1:32:24]} 8.
e5 {[%clk 1:24:28]} Ng6 {[%clk 1:27:05]} 9. Re1 {[%clk 1:18:20]} b6 {[%clk
1:18:29]} 10. Bb2 {[%clk 1:15:38]} Bb7 {[%clk 1:12:51]} 11. Ne4 {[%clk
1:08:37]} Qb8 {[%clk 0:50:38]} 12. Ng3 {[%clk 1:06:38]} Qc7 {[%clk 0:48:33]}
13. Nh5 {[%clk 0:53:22]} Nb4 {[%clk 0:45:58]} 14. Be4 {[%clk 0:51:54]} Nd5
{[%clk 0:42:21]} 15. c4 {[%clk 0:41:50]} Ndf4 {[%clk 0:40:01]} 16. Nxf4 {[%clk
0:41:52]} Nxf4 {[%clk 0:40:30]} 17. d4 {[%clk 0:42:09]} h6 {[%clk 0:33:38]} 18.
Bc1 {[%clk 0:32:44]} g5 {[%clk 0:28:42]} 19. Bxf4 {[%clk 0:31:06]} gxf4 {[%clk
0:29:10]} 20. Qd2 {[%clk 0:28:55]} O-O-O {[%clk 0:28:06]} 21. Qxf4 {[%clk
0:26:50]} f5 {[%clk 0:23:54]} 22. Bxb7+ {[%clk 0:26:09]} Qxb7 {[%clk 0:24:22]}
23. Rad1 {[%clk 0:22:21]} Rg8 {[%clk 0:23:06]} 24. d5 {[%clk 0:19:49]} Rg4
{[%clk 0:20:42]} 25. Qe3 {[%clk 0:19:57]} exd5 {[%clk 0:12:28]} 26. Rxd5 {[%clk
0:17:32]} Be7 {[%clk 0:10:43]} 27. e6 {[%clk 0:10:26]} Re4 {[%clk 0:06:57]} 28.
Qxh6 {[%clk 0:10:46]} dxe6 {[%clk 0:04:59]} 29. Rxe4 {[%clk 0:09:38]} exd5
{[%clk 0:04:48]} 30. Re1 {[%clk 0:09:29]} dxc4 {[%clk 0:03:46]} 31. Qe6+ {[%clk
0:09:21]} Qd7 {[%clk 0:03:37]} 32. Qxc4 {[%clk 0:09:03]} Kb7 {[%clk 0:02:54]}
33. Qf7 {[%clk 0:09:00]} Bd6 {[%clk 0:02:36]} 34. Qxd7+ {[%clk 0:05:23]} Rxd7
{[%clk 0:03:06]} 35. Kf1 {[%clk 0:05:24]} b5 {[%clk 0:03:12]} 36. Ne5 {[%clk
0:03:07]} Bxe5 {[%clk 0:01:31]} 37. Rxe5 {[%clk 0:03:36]} Kb6 {[%clk 0:02:01]}
38. Ke2 {[%clk 0:02:21]} Rh7 {[%clk 0:00:58]} 39. Rxf5 {[%clk 0:02:18]} Rxh2
{[%clk 0:01:24]} 40. g4 {[%clk 0:02:36]} c4 {[%clk 0:00:52]} 41. bxc4 {[%clk
0:02:23]} bxc4 {[%clk 0:01:21]} 42. Kd2 {[%clk 0:00:47]} Rh3 {[%clk 0:26:34]}
43. g5 {[%clk 0:29:06]} Rh4 {[%clk 0:15:30]} 44. Kc3 {[%clk 0:26:51]} Kc6
{[%clk 0:15:04]} 45. f4 {[%clk 0:26:46]} Kd7 {[%clk 0:13:43]} 46. g6 {[%clk
0:25:11]} Rh8 {[%clk 0:12:13]} 47. Rf7+ {[%clk 0:22:09]} Ke6 {[%clk 0:07:35]}
48. Kxc4 {[%clk 0:21:23]} Rh4 {[%clk 0:07:51]} 49. Kb3 {[%clk 0:20:30]} Rg4
{[%clk 0:07:49]} 50. f5+ {[%clk 0:20:13]} Kd5 {[%clk 0:06:53]} 51. g7 {[%clk
0:20:21]} a5 {[%clk 0:06:58]} 52. f6 {[%clk 0:20:20]} a4+ {[%clk 0:07:19]} 53.
Ka3 {[%clk 0:20:07]} Kc5 {[%clk 0:06:18]} 54. Rf8 {[%clk 0:19:15]} 1-0

[Event "DEM U18 2021"]
[Site "Willingen GER"]
[Date "2021.08.24"]
[Round "3"]
[White "Boder, Jan"]
[Black "Zackrisson, Peter"]
[Result "1/2-1/2"]
[Termination "normal"]
[Board "9"]
[WhiteElo "2146"]
[BlackElo "1965"]
[WhiteClock "00:08:17"]
[BlackClock "00:14:38"]
[PlyCount "129"]
[WhiteFideId "16243226"]
[BlackFideId "16282078"]
[EventCountry "GER"]
[EventRounds "9"]
[EventType "swiss"]
[EventDate "2021.08.22"]

1. c4 {[%clk 1:30:56]} Nf6 {[%clk 1:30:52]} 2. g3 {[%clk 1:31:22]} g6 {[%clk
1:31:11]} 3. Bg2 {[%clk 1:31:48]} Bg7 {[%clk 1:31:29]} 4. Nc3 {[%clk 1:32:15]}
O-O {[%clk 1:31:37]} 5. e4 {[%clk 1:32:28]} c5 {[%clk 1:31:46]} 6. Nge2 {[%clk
1:32:47]} Nc6 {[%clk 1:32:01]} 7. O-O {[%clk 1:32:53]} a6 {[%clk 1:31:57]} 8.
d3 {[%clk 1:33:02]} d6 {[%clk 1:32:16]} 9. h3 {[%clk 1:33:11]} Rb8 {[%clk
1:32:35]} 10. a4 {[%clk 1:33:19]} Ne8 {[%clk 1:31:47]} 11. Be3 {[%clk 1:33:34]}
b5 {[%clk 1:25:39]} 12. axb5 {[%clk 1:30:22]} axb5 {[%clk 1:25:48]} 13. Nxb5
{[%clk 1:29:40]} Bxb2 {[%clk 1:25:12]} 14. Ra2 {[%clk 1:24:33]} Bg7 {[%clk
1:25:09]} 15. d4 {[%clk 1:24:18]} cxd4 {[%clk 1:23:45]} 16. Nexd4 {[%clk
1:23:58]} Nxd4 {[%clk 1:20:20]} 17. Bxd4 {[%clk 1:23:41]} Bd7 {[%clk 1:18:09]}
18. Nc3 {[%clk 1:13:12]} Bxd4 {[%clk 1:12:00]} 19. Qxd4 {[%clk 1:13:27]} Ng7
{[%clk 1:11:56]} 20. Ra7 {[%clk 1:08:26]} Ne6 {[%clk 1:11:12]} 21. Qe3 {[%clk
1:06:37]} Rb4 {[%clk 1:02:57]} 22. e5 {[%clk 1:02:21]} Rxc4 {[%clk 0:58:32]}
23. exd6 {[%clk 1:00:48]} exd6 {[%clk 0:42:44]} 24. Nd5 {[%clk 0:54:13]} Kh8
{[%clk 0:41:45]} 25. Nb6 {[%clk 0:50:19]} Rc7 {[%clk 0:37:49]} 26. Ra8 {[%clk
0:50:25]} Bc8 {[%clk 0:37:48]} 27. h4 {[%clk 0:46:57]} Rc5 {[%clk 0:34:35]} 28.
Nd5 {[%clk 0:44:58]} Nc7 {[%clk 0:31:45]} 29. Qd4+ {[%clk 0:44:20]} f6 {[%clk
0:31:11]} 30. Nxc7 {[%clk 0:36:43]} Qxc7 {[%clk 0:29:46]} 31. Rfa1 {[%clk
0:35:22]} Qe7 {[%clk 0:26:25]} 32. R8a7 {[%clk 0:31:28]} Rc7 {[%clk 0:25:46]}
33. h5 {[%clk 0:22:55]} Rxa7 {[%clk 0:18:25]} 34. Rxa7 {[%clk 0:23:18]} Qe5
{[%clk 0:18:43]} 35. Qb6 {[%clk 0:22:34]} Qc5 {[%clk 0:18:11]} 36. Qxc5 {[%clk
0:21:55]} dxc5 {[%clk 0:18:32]} 37. h6 {[%clk 0:19:42]} Be6 {[%clk 0:18:13]}
38. Rc7 {[%clk 0:19:23]} Rc8 {[%clk 0:18:03]} 39. Rxc8+ {[%clk 0:18:09]} Bxc8
{[%clk 0:18:24]} 40. Bd5 {[%clk 0:18:09]} Ba6 {[%clk 0:18:24]} 41. f3 {[%clk
0:18:13]} c4 {[%clk 0:17:27]} 42. Kf2 {[%clk 0:18:37]} c3 {[%clk 0:17:37]} 43.
Ke3 {[%clk 0:17:07]} c2 {[%clk 0:17:13]} 44. Kd2 {[%clk 0:17:29]} Bd3 {[%clk
0:17:37]} 45. Bb3 {[%clk 0:16:40]} g5 {[%clk 0:17:49]} 46. f4 {[%clk 0:15:59]}
Bf5 {[%clk 0:15:41]} 47. Bd5 {[%clk 0:15:52]} Bd3 {[%clk 0:15:24]} 48. Be6
{[%clk 0:16:01]} gxf4 {[%clk 0:15:21]} 49. gxf4 {[%clk 0:16:23]} Be4 {[%clk
0:15:35]} 50. Bb3 {[%clk 0:15:57]} Bf5 {[%clk 0:15:41]} 51. Bxc2 {[%clk
0:14:00]} Be6 {[%clk 0:15:52]} 52. Ke3 {[%clk 0:13:49]} Kg8 {[%clk 0:16:07]}
53. Kd4 {[%clk 0:14:12]} Bf7 {[%clk 0:16:02]} 54. Kc5 {[%clk 0:14:04]} Bg6
{[%clk 0:13:46]} 55. Bb3+ {[%clk 0:10:01]} Kf8 {[%clk 0:14:03]} 56. Kd6 {[%clk
0:10:21]} Bf5 {[%clk 0:14:14]} 57. Be6 {[%clk 0:10:10]} Be4 {[%clk 0:13:56]}
58. Bc4 {[%clk 0:09:09]} Bf5 {[%clk 0:14:15]} 59. Bd5 {[%clk 0:09:20]} Ke8
{[%clk 0:13:55]} 60. Be6 {[%clk 0:08:55]} Be4 {[%clk 0:13:51]} 61. Bg4 {[%clk
0:07:23]} Kf7 {[%clk 0:13:47]} 62. f5 {[%clk 0:07:45]} Bxf5 {[%clk 0:13:54]}
63. Bxf5 {[%clk 0:08:01]} Kg8 {[%clk 0:14:17]} 64. Ke7 {[%clk 0:08:17]} Kh8
{[%clk 0:14:38]} 65. Kf7 1/2-1/2

[Event "DEM U18 2021"]
[Site "Willingen GER"]
[Date "2021.08.24"]
[Round "3"]
[White "Lieberwirth, Kasimir"]
[Black "Khachatryan, Taron"]
[Result "0-1"]
[Termination "normal"]
[Board "11"]
[WhiteElo "2074"]
[BlackElo "2065"]
[WhiteClock "00:00:59"]
[BlackClock "00:01:20"]
[PlyCount "75"]
[WhiteFideId "12988146"]
[BlackFideId "16216598"]
[EventCountry "GER"]
[EventRounds "9"]
[EventType "swiss"]
[EventDate "2021.08.22"]

1. e4 {[%clk 1:30:53]} e6 {[%clk 1:30:30]} 2. d3 {[%clk 1:29:30]} d5 {[%clk
1:30:28]} 3. Nd2 {[%clk 1:29:23]} Nf6 {[%clk 1:30:44]} 4. Ngf3 {[%clk 1:29:35]}
dxe4 {[%clk 1:30:15]} 5. dxe4 {[%clk 1:29:50]} Bc5 {[%clk 1:30:36]} 6. Bd3
{[%clk 1:24:19]} Nc6 {[%clk 1:29:29]} 7. O-O {[%clk 1:20:34]} a6 {[%clk
1:24:49]} 8. Nb3 {[%clk 1:11:03]} Ba7 {[%clk 1:23:18]} 9. Qe2 {[%clk 1:10:02]}
e5 {[%clk 1:22:40]} 10. h3 {[%clk 1:04:50]} Qe7 {[%clk 1:17:49]} 11. Rd1 {[%clk
0:58:17]} h6 {[%clk 1:16:06]} 12. Bc4 g5 {[%clk 1:10:06]} 13. Nh2 {[%clk
0:48:57]} Rg8 {[%clk 0:56:30]} 14. Ng4 {[%clk 0:38:05]} Bxg4 {[%clk 0:50:21]}
15. hxg4 Kf8 {[%clk 0:33:32]} 16. g3 {[%clk 0:26:09]} Nd8 {[%clk 0:31:07]} 17.
Kg2 {[%clk 0:25:15]} b5 {[%clk 0:30:17]} 18. Bd3 {[%clk 0:24:47]} Ne6 {[%clk
0:29:46]} 19. a4 {[%clk 0:23:52]} b4 {[%clk 0:22:50]} 20. Rh1 {[%clk 0:20:26]}
Nf4+ {[%clk 0:14:12]} 21. gxf4 {[%clk 0:20:21]} gxf4 {[%clk 0:14:41]} 22. Kf1
{[%clk 0:06:21]} Nxg4 {[%clk 0:14:46]} 23. Qf3 {[%clk 0:05:44]} Nxf2 {[%clk
0:12:55]} 24. Rh2 {[%clk 0:04:59]} Rg3 {[%clk 0:09:46]} 25. Qh5 {[%clk
0:05:09]} Ng4 {[%clk 0:10:10]} 26. Rg2 {[%clk 0:04:05]} Qf6 {[%clk 0:06:38]}
27. Bd2 {[%clk 0:03:24]} Ne3+ {[%clk 0:05:20]} 28. Bxe3 {[%clk 0:03:52]} fxe3+
{[%clk 0:05:49]} 29. Qf5 {[%clk 0:02:57]} Rf3+ {[%clk 0:06:13]} 30. Ke2 {[%clk
0:03:01]} Rxf5 {[%clk 0:06:39]} 31. exf5 {[%clk 0:03:24]} Qh4 {[%clk 0:05:43]}
32. Rag1 {[%clk 0:02:27]} Ke7 {[%clk 0:04:09]} 33. Na5 {[%clk 0:02:19]} Qh5+
{[%clk 0:04:13]} 34. Ke1 {[%clk 0:02:11]} Qh4+ {[%clk 0:04:18]} 35. Ke2 {[%clk
0:02:21]} Bb6 {[%clk 0:01:41]} 36. Nc6+ {[%clk 0:01:28]} Kd6 {[%clk 0:01:54]}
37. a5 {[%clk 0:00:59]} Bc5 {[%clk 0:01:20]} 38. Rg6+ 0-1

[Event "DEM U18 2021"]
[Site "Willingen GER"]
[Date "2021.08.24"]
[Round "3"]
[White "Weishäutel, Moritz"]
[Black "Geltz, Noah"]
[Result "1-0"]
[Termination "normal"]
[Board "12"]
[WhiteElo "2270"]
[BlackElo "2048"]
[WhiteClock "00:14:21"]
[BlackClock "00:01:33"]
[PlyCount "71"]
[WhiteFideId "12967300"]
[BlackFideId "16224256"]
[EventCountry "GER"]
[EventRounds "9"]
[EventType "swiss"]
[EventDate "2021.08.22"]

1. e4 {[%clk 1:30:57]} c5 {[%clk 1:30:52]} 2. Nf3 {[%clk 1:31:23]} Nc6 {[%clk
1:31:15]} 3. d4 {[%clk 1:31:49]} cxd4 {[%clk 1:31:39]} 4. Nxd4 {[%clk 1:32:15]}
g6 {[%clk 1:31:59]} 5. c4 {[%clk 1:32:39]} Nf6 {[%clk 1:31:49]} 6. Nc3 {[%clk
1:32:52]} d6 {[%clk 1:31:29]} 7. Be2 {[%clk 1:33:06]} Bg7 {[%clk 1:31:42]} 8.
Be3 {[%clk 1:33:06]} O-O {[%clk 1:25:45]} 9. O-O {[%clk 1:33:28]} a5 {[%clk
1:21:11]} 10. f3 {[%clk 1:30:58]} Nd7 {[%clk 1:17:33]} 11. Ndb5 {[%clk
1:27:58]} Nc5 {[%clk 1:12:05]} 12. Qe1 {[%clk 1:21:40]} f5 {[%clk 0:56:10]} 13.
Rd1 {[%clk 1:15:40]} b6 {[%clk 0:56:19]} 14. exf5 {[%clk 1:10:00]} Bxf5 {[%clk
0:54:42]} 15. Qh4 {[%clk 1:09:25]} Rf7 {[%clk 0:41:00]} 16. Bg5 {[%clk
0:55:07]} Qf8 {[%clk 0:38:01]} 17. b3 {[%clk 0:48:51]} a4 {[%clk 0:36:11]} 18.
bxa4 {[%clk 0:43:59]} Nxa4 {[%clk 0:35:12]} 19. Nd5 {[%clk 0:43:50]} e6 {[%clk
0:27:29]} 20. Ndc7 {[%clk 0:39:53]} Rc8 {[%clk 0:24:16]} 21. g4 {[%clk
0:35:31]} Bc2 {[%clk 0:20:35]} 22. Nxe6 {[%clk 0:31:57]} Bxd1 {[%clk 0:05:03]}
23. Bxd1 {[%clk 0:29:03]} Qe8 {[%clk 0:04:44]} 24. Nxg7 {[%clk 0:28:58]} Qe5
{[%clk 0:04:40]} 25. Bxa4 {[%clk 0:27:51]} Kxg7 {[%clk 0:03:19]} 26. Re1 {[%clk
0:21:20]} Qc5+ {[%clk 0:02:50]} 27. Be3 {[%clk 0:21:37]} Qb4 {[%clk 0:03:08]}
28. Bb3 {[%clk 0:21:19]} Ne5 {[%clk 0:01:53]} 29. Bd4 {[%clk 0:20:45]} Kf8
{[%clk 0:01:19]} 30. Bxe5 {[%clk 0:20:51]} dxe5 {[%clk 0:01:43]} 31. Qg3 {[%clk
0:18:34]} Qc5+ {[%clk 0:01:54]} 32. Kh1 {[%clk 0:18:31]} Re8 {[%clk 0:01:44]}
33. Nc3 {[%clk 0:17:59]} Kg7 {[%clk 0:01:30]} 34. Ne4 {[%clk 0:17:40]} Qb4
{[%clk 0:01:36]} 35. Rd1 {[%clk 0:15:45]} Qf8 {[%clk 0:01:33]} 36. Nd6 {[%clk
0:14:21]} 1-0

[Event "DEM U18 2021"]
[Site "Willingen GER"]
[Date "2021.08.24"]
[Round "3"]
[White "Biermann, Lenhard"]
[Black "Mankel, Luca"]
[Result "1/2-1/2"]
[Termination "normal"]
[Board "13"]
[WhiteElo "2160"]
[BlackElo "1916"]
[WhiteClock "00:01:57"]
[BlackClock "00:07:53"]
[PlyCount "79"]
[WhiteFideId "12970077"]
[BlackFideId "16253876"]
[EventCountry "GER"]
[EventRounds "9"]
[EventType "swiss"]
[EventDate "2021.08.22"]

1. d4 {[%clk 1:30:57]} d5 {[%clk 1:30:57]} 2. c4 {[%clk 1:31:22]} e6 {[%clk
1:31:24]} 3. Nf3 {[%clk 1:31:47]} c6 {[%clk 1:31:50]} 4. Qc2 {[%clk 1:32:04]}
Nf6 {[%clk 1:30:52]} 5. Nbd2 {[%clk 1:31:51]} Nbd7 {[%clk 1:30:24]} 6. g3
{[%clk 1:31:55]} Bd6 {[%clk 1:30:29]} 7. Bg2 {[%clk 1:32:14]} O-O {[%clk
1:30:44]} 8. O-O {[%clk 1:32:38]} Re8 {[%clk 1:28:51]} 9. Rd1 {[%clk 1:28:07]}
b6 {[%clk 1:25:02]} 10. e4 {[%clk 1:23:38]} dxe4 {[%clk 1:23:33]} 11. Nxe4
{[%clk 1:23:59]} Nxe4 {[%clk 1:15:49]} 12. Qxe4 {[%clk 1:24:26]} Bb7 {[%clk
1:16:13]} 13. Ne5 {[%clk 1:09:38]} Rc8 {[%clk 1:08:11]} 14. c5 {[%clk 0:47:11]}
Bxe5 {[%clk 0:56:03]} 15. dxe5 {[%clk 0:47:32]} Qc7 {[%clk 0:56:26]} 16. cxb6
{[%clk 0:47:37]} Nxb6 {[%clk 0:56:02]} 17. Be3 {[%clk 0:43:40]} Nd5 {[%clk
0:49:26]} 18. Bc5 {[%clk 0:42:34]} Ba6 {[%clk 0:45:56]} 19. Rac1 {[%clk
0:35:22]} Qa5 {[%clk 0:43:43]} 20. a3 {[%clk 0:32:39]} Rb8 {[%clk 0:42:40]} 21.
b4 {[%clk 0:27:52]} Qa4 {[%clk 0:41:00]} 22. Qf3 {[%clk 0:25:18]} Bc8 {[%clk
0:32:47]} 23. Rd4 {[%clk 0:24:49]} a5 {[%clk 0:32:11]} 24. Bf1 {[%clk 0:20:14]}
axb4 {[%clk 0:29:52]} 25. axb4 {[%clk 0:20:37]} Qa2 {[%clk 0:27:17]} 26. Bd3
{[%clk 0:17:04]} g6 {[%clk 0:23:49]} 27. Rh4 {[%clk 0:13:35]} Qb2 {[%clk
0:18:45]} 28. Rb1 {[%clk 0:08:06]} Qxe5 {[%clk 0:18:05]} 29. Rxh7 {[%clk
0:07:06]} Qf6 {[%clk 0:17:26]} 30. Qxf6 {[%clk 0:06:39]} Nxf6 {[%clk 0:17:53]}
31. Rh4 {[%clk 0:06:47]} e5 {[%clk 0:17:46]} 32. Bd6 {[%clk 0:05:53]} Ra8
{[%clk 0:14:57]} 33. f4 {[%clk 0:03:25]} exf4 {[%clk 0:13:59]} 34. Bxf4 {[%clk
0:03:28]} Nd5 {[%clk 0:13:14]} 35. Bc4 {[%clk 0:03:00]} Nxf4 {[%clk 0:12:26]}
36. Rxf4 {[%clk 0:03:18]} Be6 {[%clk 0:12:52]} 37. Bxe6 {[%clk 0:03:18]} Rxe6
{[%clk 0:13:08]} 38. Rbf1 {[%clk 0:03:24]} f5 {[%clk 0:12:14]} 39. R1f2 {[%clk
0:02:56]} Ra1+ {[%clk 0:07:53]} 40. Rf1 {[%clk 0:01:57]} 1/2-1/2

[Event "DEM U18 2021"]
[Site "Willingen GER"]
[Date "2021.08.24"]
[Round "3"]
[White "Mooser, Nicolas"]
[Black "Unbehend, Marius"]
[Result "1/2-1/2"]
[Termination "normal"]
[Board "14"]
[WhiteElo "2107"]
[BlackElo "1572"]
[WhiteClock "00:05:59"]
[BlackClock "00:13:29"]
[PlyCount "96"]
[WhiteFideId "12979406"]
[BlackFideId "16214420"]
[EventCountry "GER"]
[EventRounds "9"]
[EventType "swiss"]
[EventDate "2021.08.22"]

1. d4 {[%clk 1:30:57]} e6 {[%clk 1:30:50]} 2. c4 {[%clk 1:31:22]} Nf6 {[%clk
1:31:16]} 3. g3 {[%clk 1:31:43]} c5 {[%clk 1:31:41]} 4. d5 {[%clk 1:31:34]}
exd5 {[%clk 1:32:04]} 5. cxd5 {[%clk 1:31:58]} b5 {[%clk 1:31:46]} 6. Bg2
{[%clk 1:26:01]} d6 {[%clk 1:30:59]} 7. e4 {[%clk 1:16:20]} Nbd7 {[%clk
1:25:41]} 8. Ne2 {[%clk 1:14:08]} Be7 {[%clk 1:17:45]} 9. O-O {[%clk 1:14:16]}
O-O {[%clk 1:17:53]} 10. Qc2 {[%clk 1:05:15]} Bb7 {[%clk 1:11:43]} 11. Nbc3
{[%clk 0:57:19]} b4 {[%clk 1:04:47]} 12. Nd1 {[%clk 0:57:36]} Rb8 {[%clk
0:55:57]} 13. Ne3 {[%clk 0:56:48]} Re8 {[%clk 0:49:46]} 14. b3 {[%clk 0:54:55]}
a5 {[%clk 0:41:04]} 15. Bb2 {[%clk 0:45:07]} Ba6 {[%clk 0:34:31]} 16. Rfe1
{[%clk 0:41:20]} a4 {[%clk 0:30:54]} 17. Rac1 {[%clk 0:40:10]} axb3 {[%clk
0:27:46]} 18. axb3 {[%clk 0:37:15]} Qb6 {[%clk 0:23:58]} 19. Nf4 {[%clk
0:32:00]} Bf8 {[%clk 0:20:16]} 20. Nc4 {[%clk 0:30:16]} Bxc4 {[%clk 0:18:21]}
21. Qxc4 {[%clk 0:30:28]} Ng4 {[%clk 0:16:52]} 22. Nd3 {[%clk 0:27:04]} Nge5
{[%clk 0:16:39]} 23. Nxe5 {[%clk 0:26:44]} Nxe5 {[%clk 0:16:59]} 24. Bxe5
{[%clk 0:25:38]} Rxe5 {[%clk 0:15:51]} 25. f4 {[%clk 0:23:49]} Ree8 {[%clk
0:16:02]} 26. e5 {[%clk 0:23:09]} Qc7 {[%clk 0:11:53]} 27. e6 {[%clk 0:22:45]}
Ra8 {[%clk 0:09:28]} 28. Bh3 {[%clk 0:21:30]} f6 {[%clk 0:08:57]} 29. Re2
{[%clk 0:20:28]} Be7 {[%clk 0:08:34]} 30. Bf5 {[%clk 0:18:19]} g6 {[%clk
0:07:39]} 31. Bd3 {[%clk 0:17:49]} f5 {[%clk 0:06:53]} 32. Qxb4 {[%clk
0:16:17]} Reb8 {[%clk 0:06:02]} 33. Qc3 {[%clk 0:16:22]} Ra3 {[%clk 0:03:45]}
34. Bc4 {[%clk 0:16:39]} Rba8 {[%clk 0:04:01]} 35. Kg2 {[%clk 0:15:19]} Qd8
{[%clk 0:03:42]} 36. Qe1 {[%clk 0:14:56]} Ra2 {[%clk 0:03:32]} 37. Rec2 {[%clk
0:10:04]} Bf6 {[%clk 0:03:13]} 38. Qe2 {[%clk 0:07:31]} R2a3 {[%clk 0:02:18]}
39. Re1 {[%clk 0:04:21]} Kf8 {[%clk 0:02:30]} 40. h3 {[%clk 0:03:29]} Ke7
{[%clk 0:02:19]} 41. h4 {[%clk 0:01:03]} h5 {[%clk 0:02:16]} 42. Rb1 {[%clk
0:29:57]} Qa5 {[%clk 0:30:57]} 43. Bd3 {[%clk 0:22:43]} Rh8 {[%clk 0:28:32]}
44. b4 {[%clk 0:16:55]} cxb4 {[%clk 0:27:59]} 45. Bc4 {[%clk 0:14:32]} Rc8
{[%clk 0:26:02]} 46. Bb3 {[%clk 0:11:33]} Rc3 {[%clk 0:16:36]} 47. Rxc3 {[%clk
0:10:55]} Bxc3 {[%clk 0:16:33]} 48. Qd3 {[%clk 0:05:59]} Qc5 {[%clk 0:13:29]}
1/2-1/2

[Event "DEM U18 2021"]
[Site "Willingen GER"]
[Date "2021.08.25"]
[Round "4"]
[White "Dahl, Christoph"]
[Black "Suvorov, Alexander"]
[Result "1/2-1/2"]
[Termination "normal"]
[Board "1"]
[BlackTitle "FM"]
[WhiteElo "2284"]
[BlackElo "2333"]
[WhiteClock "00:30:00"]
[BlackClock "00:03:39"]
[PlyCount "93"]
[WhiteFideId "16240235"]
[BlackFideId "12977063"]
[EventCountry "GER"]
[EventRounds "9"]
[EventType "swiss"]
[EventDate "2021.08.22"]

1. e4 {[%clk 1:30:58]} c5 {[%clk 1:30:42]} 2. Nf3 {[%clk 1:31:02]} d6 {[%clk
1:30:59]} 3. d4 {[%clk 1:30:48]} cxd4 {[%clk 1:31:19]} 4. Nxd4 {[%clk 1:30:52]}
Nf6 {[%clk 1:31:42]} 5. Nc3 {[%clk 1:30:34]} a6 {[%clk 1:32:02]} 6. Bg5 {[%clk
1:30:04]} e6 {[%clk 1:32:17]} 7. f4 {[%clk 1:29:48]} Be7 {[%clk 1:32:29]} 8.
Qf3 {[%clk 1:29:08]} Qc7 {[%clk 1:32:47]} 9. O-O-O {[%clk 1:28:37]} Nbd7 {[%clk
1:32:51]} 10. Bd3 {[%clk 1:27:38]} h6 {[%clk 1:24:16]} 11. h4 {[%clk 1:25:17]}
hxg5 {[%clk 1:06:08]} 12. hxg5 {[%clk 1:25:39]} Rxh1 {[%clk 1:04:43]} 13. Rxh1
{[%clk 1:26:05]} Nf8 {[%clk 1:03:45]} 14. gxf6 {[%clk 1:23:56]} Bxf6 {[%clk
1:03:09]} 15. Nde2 {[%clk 1:22:32]} Bd7 {[%clk 1:00:59]} 16. g4 {[%clk
1:20:34]} O-O-O {[%clk 0:49:49]} 17. g5 {[%clk 1:18:40]} Be7 {[%clk 0:47:25]}
18. Qe3 {[%clk 1:10:10]} Bc6 {[%clk 0:34:28]} 19. Rf1 {[%clk 1:02:57]} Ng6
{[%clk 0:30:10]} 20. Kb1 {[%clk 0:58:10]} Rh8 {[%clk 0:27:44]} 21. Qa7 {[%clk
0:51:53]} Bd8 {[%clk 0:23:33]} 22. Nd4 {[%clk 0:46:53]} Bd7 {[%clk 0:21:59]}
23. f5 {[%clk 0:44:04]} Ne5 {[%clk 0:21:27]} 24. g6 {[%clk 0:44:22]} Qb8 {[%clk
0:16:39]} 25. Qxb8+ {[%clk 0:44:07]} Kxb8 {[%clk 0:17:06]} 26. gxf7 {[%clk
0:44:15]} exf5 {[%clk 0:17:17]} 27. Nxf5 {[%clk 0:42:39]} Bxf5 {[%clk 0:15:39]}
28. Rxf5 {[%clk 0:41:15]} Rf8 {[%clk 0:13:47]} 29. Nd5 {[%clk 0:39:57]} Rxf7
{[%clk 0:13:22]} 30. Nf4 {[%clk 0:37:39]} g5 {[%clk 0:11:26]} 31. Ng6 {[%clk
0:35:43]} Rxf5 {[%clk 0:09:16]} 32. exf5 {[%clk 0:36:09]} g4 {[%clk 0:04:00]}
33. Nxe5 {[%clk 0:33:47]} dxe5 {[%clk 0:04:24]} 34. Be4 {[%clk 0:33:54]} b6
{[%clk 0:03:42]} 35. c3 {[%clk 0:33:35]} Kc7 {[%clk 0:03:52]} 36. Kc2 {[%clk
0:33:58]} Kd6 {[%clk 0:03:53]} 37. Kd3 {[%clk 0:34:06]} Bg5 {[%clk 0:03:06]}
38. Bb7 {[%clk 0:29:42]} a5 {[%clk 0:02:52]} 39. Kc4 {[%clk 0:29:06]} Ke7
{[%clk 0:02:27]} 40. b4 {[%clk 0:27:55]} axb4 {[%clk 0:02:32]} 41. cxb4 {[%clk
0:28:07]} Kf6 {[%clk 0:02:24]} 42. Be4 {[%clk 0:28:23]} g3 {[%clk 0:02:20]} 43.
a4 {[%clk 0:28:28]} g2 {[%clk 0:02:27]} 44. Bxg2 {[%clk 0:28:54]} Kxf5 {[%clk
0:02:54]} 45. a5 {[%clk 0:29:11]} bxa5 {[%clk 0:03:15]} 46. bxa5 {[%clk
0:29:37]} Be3 {[%clk 0:03:39]} 47. a6 {[%clk 0:30:00]} 1/2-1/2

[Event "DEM U18 2021"]
[Site "Willingen GER"]
[Date "2021.08.25"]
[Round "4"]
[White "Fromm, Marius"]
[Black "Kölle, Tobias"]
[Result "1/2-1/2"]
[Termination "normal"]
[Board "2"]
[WhiteTitle "FM"]
[BlackTitle "FM"]
[WhiteElo "2342"]
[BlackElo "2312"]
[WhiteClock "00:38:56"]
[BlackClock "00:15:07"]
[PlyCount "69"]
[WhiteFideId "12993190"]
[BlackFideId "16207378"]
[EventCountry "GER"]
[EventRounds "9"]
[EventType "swiss"]
[EventDate "2021.08.22"]

1. e4 {[%clk 1:30:56]} c5 {[%clk 1:30:54]} 2. Nf3 {[%clk 1:31:22]} d6 {[%clk
1:31:20]} 3. d4 cxd4 {[%clk 1:31:45]} 4. Nxd4 {[%clk 1:32:13]} Nf6 {[%clk
1:32:07]} 5. Nc3 {[%clk 1:32:40]} a6 {[%clk 1:32:33]} 6. g3 {[%clk 1:33:06]} e5
{[%clk 1:32:58]} 7. Nde2 {[%clk 1:33:32]} Be7 {[%clk 1:33:21]} 8. Bg2 {[%clk
1:33:53]} O-O {[%clk 1:33:45]} 9. O-O {[%clk 1:34:14]} b5 {[%clk 1:34:08]} 10.
Nd5 {[%clk 1:34:13]} Nxd5 {[%clk 1:34:30]} 11. Qxd5 {[%clk 1:34:39]} Ra7 {[%clk
1:34:50]} 12. Be3 {[%clk 1:34:46]} Rb7 {[%clk 1:35:15]} 13. Qd3 {[%clk
1:34:21]} Be6 {[%clk 1:35:40]} 14. b3 Nd7 {[%clk 1:27:01]} 15. Nc3 {[%clk
1:35:14]} Nf6 {[%clk 1:23:09]} 16. a4 {[%clk 1:35:39]} Qb8 {[%clk 1:16:22]} 17.
axb5 {[%clk 1:34:20]} axb5 {[%clk 1:14:36]} 18. Ra6 {[%clk 1:33:17]} Bd7 {[%clk
1:07:14]} 19. Nd5 {[%clk 1:23:50]} Nxd5 {[%clk 1:06:09]} 20. Qxd5 {[%clk
1:24:13]} Be6 {[%clk 0:44:18]} 21. Qd3 {[%clk 1:24:33]} Rc8 {[%clk 0:42:31]}
22. Rfa1 {[%clk 1:24:36]} Bf8 {[%clk 0:39:15]} 23. R1a2 {[%clk 1:21:47]} Qc7
{[%clk 0:36:06]} 24. h4 {[%clk 1:12:38]} Qd7 {[%clk 0:25:19]} 25. Bd2 {[%clk
1:10:56]} b4 {[%clk 0:19:25]} 26. Ra8 h6 {[%clk 0:16:22]} 27. Kh2 {[%clk
1:07:44]} Qd8 {[%clk 0:15:41]} 28. R8a4 {[%clk 1:05:03]} Rcb8 29. Ra7 {[%clk
0:58:33]} Rxa7 {[%clk 0:14:22]} 30. Rxa7 {[%clk 0:58:56]} Qb6 {[%clk 0:14:25]}
31. Be3 {[%clk 0:58:57]} Qc6 {[%clk 0:14:40]} 32. Ra6 {[%clk 0:58:44]} Qc8 33.
Ra7 {[%clk 0:40:04]} Qc6 {[%clk 0:14:42]} 34. Ra6 {[%clk 0:39:08]} Qc8 {[%clk
0:15:07]} 35. Ra7 {[%clk 0:38:56]} 1/2-1/2